Lost Dharma Initiative Stations - Statistics

General Stats
  • This quiz has been taken 29 times
  • The average score is 5 of 10
Answer Stats
Hint Answer % Correct
station with a button the swan
85%
on the top, is a garden the orchid
69%
Kate and Sawyer get put in cages here the hydra
65%
not Penny's boat the looking glass
65%
man with eye-patch found here the flame
62%
found under Nigerian plane the pearl
62%
storage station the Tailies use as shelter the arrow
46%
Only off-island station, Eloise Hawking is here the lamp post
38%
disabled by Charlotte and Daniel the tempest
27%
medical station the staff
23%
No matching quizzes found
Score Distribution
Percent of People with Each Score
Percentile by Number Answered
Your Score History
You have not taken this quiz